000
00236nam a2200121Ia 4500
100
_a
#N/A
942
_c
BK
654
_a
java
245
_a
Java Object Oriented Programming in Java
260
_b
#N/A
546
_a
ENGLISH
999
_c
26174
_d
26174